000 00404nam a2200169Ia 4500
008 230524s9999 xx 000 0 und d
082 _a658.7
_bCHI
100 _aA.K.Chitale
245 0 _aMaterials Management: Text and Cases
250 _aIST
260 _aNEW DELHI
_bPHI
_c2009
300 _aX;389
500 _aQuantity Number: 2
650 _aManagement
700 _a R.C.Gupta
942 _cBK
999 _c45147
_d45147